MARC details
| 000 -LEADER |
| fixed length control field |
01767cam a22003855a 4500 |
| 001 - CONTROL NUMBER |
| control field |
17161578 |
| 003 - CONTROL NUMBER IDENTIFIER |
| control field |
EG-ScBUE |
| 005 - DATE AND TIME OF LATEST TRANSACTION |
| control field |
20221207153835.0 |
| 008 - FIXED-LENGTH DATA ELEMENTS--GENERAL INFORMATION |
| fixed length control field |
120210s2012 nyua f b 001 0 eng d |
| 020 ## - INTERNATIONAL STANDARD BOOK NUMBER |
| International Standard Book Number |
9780500516423 |
| 020 ## - INTERNATIONAL STANDARD BOOK NUMBER |
| International Standard Book Number |
0500516421 |
| 040 ## - CATALOGING SOURCE |
| Original cataloging agency |
SISPL |
| Language of cataloging |
eng |
| Description conventions |
rda |
| Transcribing agency |
SISPL |
| Modifying agency |
OCLCO |
| -- |
BTCTA |
| -- |
BDX |
| -- |
UKMGB |
| -- |
ERASA |
| -- |
YDXCP |
| -- |
YNK |
| -- |
YBM |
| -- |
OCLCO |
| -- |
CDX |
| -- |
SINLB |
| -- |
NDD |
| -- |
BWX |
| -- |
GPM |
| -- |
WIM |
| -- |
DLC |
| -- |
EG-ScBUE |
| 041 1# - LANGUAGE CODE |
| Language code of text/sound track or separate title |
eng |
| Language code of original and/or intermediate translations of text |
fre |
| 043 ## - GEOGRAPHIC AREA CODE |
| Geographic area code |
a-ir--- |
| 082 04 - DEWEY DECIMAL CLASSIFICATION NUMBER |
| Edition number |
22 |
| Classification number |
720.955 |
| Item number |
STI |
| 100 1# - MAIN ENTRY--PERSONAL NAME |
| Personal name |
Stierlin, Henri, |
| Relator term |
author. |
| 240 10 - UNIFORM TITLE |
| Uniform title |
<a href="Art persan.">Art persan.</a> |
| Language of a work |
English |
| 245 10 - TITLE STATEMENT |
| Title |
Persian art & architecture / |
| Statement of responsibility, etc |
Henri Stierlin ; photographs by Henri and Anne Stierlin and Adrien Buchet. |
| 246 3# - VARYING FORM OF TITLE |
| Title proper/short title |
Persian art and architecture |
| 264 ## - PUBLICATION, DISTRIBUTION, ETC. (IMPRINT) |
| Place of publication, distribution, etc |
New York : |
| Name of publisher, distributor, etc |
Thames & Hudson, |
| Date of publication, distribution, etc |
2012. |
| 300 ## - PHYSICAL DESCRIPTION |
| Extent |
279 pages : |
| Other physical details |
illustrations ; |
| Dimensions |
31 cm |
| 500 ## - GENERAL NOTE |
| General note |
"Translated from the French L'art persan by David H. Wilson"--Colophon. |
| 504 ## - BIBLIOGRAPHY, ETC. NOTE |
| Bibliography, etc |
Includes bibliographical references and index. |
| 505 00 - FORMATTED CONTENTS NOTE |
| Title |
Introduction: the power of Persian art -- |
| -- |
The rise of Islam -- |
| -- |
The Seljuqs -- |
| -- |
The Mongol Invasion -- |
| -- |
The Islamic golden age -- |
| -- |
Timur and Samarqand -- |
| -- |
Miniatures -- |
| -- |
Bukhara and the Shaybanids -- |
| -- |
Isfahan and the Safavids -- |
| -- |
Reflections of Paradise -- |
| -- |
The 18th and 19th centuries -- |
| -- |
Khiva: a Khanate in Central Asia -- |
| -- |
From vision to reality. |
| 546 ## - LANGUAGE NOTE |
| Language note |
Text in English ; translated from the original French. |
| 650 #7 - SUBJECT ADDED ENTRY--TOPICAL TERM |
| Topical term or geographic name as entry element |
Art, Iranian. |
| Source of heading or term |
BUEsh |
| 650 #7 - SUBJECT ADDED ENTRY--TOPICAL TERM |
| Topical term or geographic name as entry element |
Architecture |
| Geographic subdivision |
Iran. |
| Source of heading or term |
BUEsh |
| 650 #7 - SUBJECT ADDED ENTRY--TOPICAL TERM |
| Topical term or geographic name as entry element |
Islamic architecture |
| Geographic subdivision |
Iran. |
| Source of heading or term |
BUEsh |
| 650 #7 - SUBJECT ADDED ENTRY--TOPICAL TERM |
| Topical term or geographic name as entry element |
Symbolism in architecture |
| Source of heading or term |
BUEsh |
| 9 (RLIN) |
37717 |
| 653 ## - INDEX TERM--UNCONTROLLED |
| Resource For college |
Engineering, Architecture |
| Arrived date list |
November2017 |
| 655 ## - INDEX TERM--GENRE/FORM |
| Form subdivision |
Reading book |
| 700 1# - ADDED ENTRY--PERSONAL NAME |
| Personal name |
Stierlin, Anne, |
| Relator term |
photograph. |
| 700 1# - ADDED ENTRY--PERSONAL NAME |
| Personal name |
Buchet, Adrien, |
| Relator term |
photograph. |
| 942 ## - ADDED ENTRY ELEMENTS (KOHA) |
| Source of classification or shelving scheme |
Dewey Decimal Classification |
| Koha item type |
Book - Borrowing |